|
|
|
|
| LEADER |
00776nam a22002652a 4500 |
| 001 |
001112303 |
| 003 |
CZ BrMZK |
| 005 |
20110309150036.0 |
| 007 |
ta |
| 008 |
100826s1982 xr er|||||||||||cze d |
| 015 |
|
|
|a cnb000157442
|
| 035 |
|
|
|a (OCoLC)42158923
|
| 040 |
|
|
|a BOA001
|b cze
|
| 100 |
1 |
|
|a Kohout, Jaroslav,
|d 1927-
|7 jk01061128
|4 aut
|
| 245 |
1 |
0 |
|a Řízení pracovních kolektivů /
|c Jaroslav Kohout
|
| 250 |
|
|
|a 1. vyd.
|
| 260 |
|
|
|a Praha :
|b Práce,
|c 1982
|
| 300 |
|
|
|a 85 s.
|
| 490 |
1 |
|
|a Příruční knihovna ROH
|
| 504 |
|
|
|a Obsahuje bibliografii
|
| 830 |
|
0 |
|a Příruční knihovna ROH
|0 s
|
| 910 |
|
|
|a BOA001
|b 2-0851.444
|
| 990 |
|
|
|a BK
|
| 991 |
|
|
|b 201008
|
| 996 |
6 |
|
|b 2619363067
|c 2-0851.444
|l MZK
|r Sklad / do 1 hodiny
|n 0
|w 001139826
|u 000010
|a 1
|e BOA001
|j MZK50
|s P
|